| 000 | 00655nam a22002177a 4500 | ||
|---|---|---|---|
| 003 | OSt | ||
| 005 | 20140310181921.0 | ||
| 008 | 130718t xxu||||| |||| 00| 0 eng d | ||
| 020 | _a9780199148899 | ||
| 050 |
_aQA 37.2 _b.C241 2003 |
||
| 082 |
_aTR 510 _bC237hs 2003 |
||
| 100 |
_aCapewell, David _91333 |
||
| 245 |
_aFramework maths : _bhomework book 8S / _cDavid Capewell, [et al.]. |
||
| 260 |
_aOxford : _bOxford University Press, _cc2003. |
||
| 300 |
_a139 p. : _c24 cm. |
||
| 521 | _aFaculty | ||
| 541 | _j1 | ||
| 562 | _e1 | ||
| 650 |
_aMathematics-- _xStudy and teaching (Secondary) _xGreat Britain _91625 |
||
| 942 |
_2lcc _cBK-TR _kTR |
||
| 999 |
_c6980 _d6980 |
||